000 01211nam a22003377a 4500
003 CHAP
005 20220329140004.0
008 971013s1988 r 00010 d
010 _a45146
011 _a46118
035 _a50258
040 _cCHAP
090 _aTesis
100 0 0 _aRebolledo Vélez, Juan de Dios.
_994966
245 _aResistencia a la sequía XV
_b: el papel de la raíz, del estolón y del tubérculo madre, en conferir resistencia a sequía en solanum cardiophyllum Lindl
260 _aChapingo, Méx. :
_bEl autor,
_c1988
300 _a83 p.
_b; gráfs.
502 _aTesis (M. C. Esp. en Botánica) -- Colegio de Postgraduados. Centro de Botánica
590 _aALEPH
_b10
_c20130110
_lUCH01
_h1315
590 _aBATCH-UPD
_b10
_c20130110
_lUCH01
_h1541
590 _aBATCH-UPD
_b10
_c20130410
_lUCH01
_h0943
590 _aBATCH-UPD
_b10
_c20130914
_lUCH01
_h1858
590 _aCONVERSION
_b10
_c20130109
_lUCH01
_h1325
650 1 4 _aPapa
_xResistencia a sequía.
_985285
650 1 4 _aPapa
_xVariedades.
_985300
650 1 4 _aRaíces
_994670
901 _aBK
942 _cFOLL
949 _bBC
_cTES
_d-112984
_eTS1
_h20243
_i50258
_si
949 _bBC
_cTES
_d-112986
_eTS2
_fc.2
_h20244
_i50258
_si
999 _c45146
_d45146